000 00505nam a2200205Ia 4500
001 12598
003 GE_BSU
008 181216s||||||||xx |||||||||||||| ||und||
020 _a9780751540109
040 _cGE_BSU
080 _a821.111-32
100 _aGregory,Susanna.
245 3 _aAn Unholy Alliance; A Plague on Both Your Houses.
260 _aLondon.
260 _bSphere.
260 _c2007
300 _a408p;18cm.
653 _aAn Unholy Alliance; A Plague on Both Your Houses.
942 _cBK
999 _c45771
_d45771